Rahsia doa dan zikir

Bibliographic Details
Main Author: Abu Mazaayaa Al-Hafiz
Format: Book
Published: Kuala Lumpur : Al-Hidayah , 2006
Subjects:

MARC

LEADER 00000cam a2200000 7i4500
001 0000013639
005 20080118.0
008 180108
020 |a 9830996522 
090 0 0 |a 297.3824   |b ABU 
100 1 |a Abu Mazaayaa Al-Hafiz 
245 1 0 |a Rahsia doa dan zikir   |c Abu Mazaayaa Al-Hafiz 
260 |a Kuala Lumpur :   |b Al-Hidayah ,   |c 2006 
650 0 |a Islam   |x Prayer and devotions 
650 0 |a Prayer   |x Islam 
999 |a 0000924434   |b Book   |c Adult Collection   |e Cawangan Bukit Gambir 
999 |a 0000924435   |b Book   |c Adult Collection   |e Cawangan Bukit Gambir 
999 |a 0000924436   |b Book   |c Adult Collection   |e Cawangan Bukit Gambir 
999 |a 0000933539   |b Book   |c Adult Collection   |e Cawangan Tangkak 
999 |a 0000933540   |b Book   |c Adult Collection   |e Cawangan Tangkak 
999 |a 0001005868   |b Book   |c Adult Collection   |e Perbadanan Perpustakaan Awam Johor 
999 |a 0001005869   |b Book   |c Adult Collection   |e Perbadanan Perpustakaan Awam Johor 
999 |a 0001005870   |b Book   |c Adult Collection   |e Perbadanan Perpustakaan Awam Johor